Estadísticas para Top 10 Países con el Mayor Número de Jugadores de Fútbol Registrados

Haz click aquí para tomar la prueba!

Estadísticas generales

  • Esta prueba ha sido tomada 1,017 veces
  • La puntuación promedio es 8 de 10

Estadísticas de respuestas

# País % Correcto
2,142,000Brasil
96%
1,795,000Francia
94%
6,309,000Alemania
93%
1,486,000Inglaterra
93%
1,514,000Italia
90%
4,187,000Estados Unidos
88%
1,045,000Japón
71%
1,139,000Países Bajos
51%
866,000Canadá
50%
1,469,000Sudáfrica
27%

Distribución de puntuación

Porcentaje por número respondido

Porcentaje de gente con cada puntuación

Historial de tus puntuaciones

No has tomado esta prueba